[AdyXD] LGBT countries (Gay marriage or civil unions) - 2018 [UPDATED] - Statistics

General Stats
  • This quiz has been taken 1,484 times
    1,097 since last reset
  • The average score is 33 of 41
Answer Stats
Hint Answer % Correct
40 United States
98%
39 United Kingdom
95%
7 Canada
94%
35 Spain
94%
36 Sweden
93%
18 France
92%
31 Norway
92%
3 Australia
91%
17 Finland
91%
5 Belgium
90%
19 Germany
90%
29 Netherlands
90%
32 Portugal
90%
24 Italy
89%
6 Brazil
88%
14 Denmark
88%
28 Mexico
88%
2 Argentina
87%
4 Austria
87%
23 Ireland
87%
30 New Zealand
85%
37 Switzerland
84%
22 Iceland
83%
20 Greece
80%
26 Luxembourg
80%
8 Chile
78%
1 Andorra
75%
13 Czech Republic
73%
34 South Africa
72%
16 Estonia
71%
9 Colombia
70%
27 Malta
69%
41 Uruguay
67%
11 Croatia
66%
33 Slovenia
65%
21 Hungary
60%
25 Liechtenstein
60%
38 Taiwan
58%
15 Ecuador
56%
10 Costa Rica
52%
12 Cyprus
51%
No matching quizzes found
Score Distribution
Percent of People with Each Score
Percentile by Number Answered
Your Score History
You have not taken this quiz since the last reset